000 00813nam a22002535i 4500
001 17737696
005 20141106150336.0
008 130514s2013 cau 000 0 eng
010 _a 2013940262
020 _a9780857029751 (hardback)
020 _a9780857029768 (pbk.)
040 _aDLC
_beng
_erda
_cDLC
042 _apcc
050 _aHF 5549.5.E45
_b.In8r 2014
245 1 0 _aInternational human resource management :
_ban employment relations perspective /
_c[edited by] Miguel Martinez Lucio.
250 _a1st edition.
260 _aSingapore :
_bSage Publication,
_cc2014.
263 _a1312
300 _a305 pages :
_billustrations ;
_c24 cm.
521 _aBusiness Administration
906 _a0
_bibc
_corignew
_d2
_eepcn
_f20
_gy-gencatlg
942 _2lcc
_cBK
_kFOR
999 _c276723
_d276723